The young man's companion (Record no. 113481)
[ view plain ]
| 000 -LEADER | |
|---|---|
| fixed length control field | 00845cam a22001935a 4500 |
| 001 - CONTROL NUMBER | |
| control field | L155333 |
| 008 - FIXED-LENGTH DATA ELEMENTS--GENERAL INFORMATION | |
| fixed length control field | 120319s1750 xxk f 000 0 eng d |
| 035 ## - SYSTEM CONTROL NUMBER | |
| System control number | (Sirsi) u155333 |
| 041 0# - LANGUAGE CODE | |
| Language code of text/sound track or separate title | eng |
| 100 1# - MAIN ENTRY--PERSONAL NAME | |
| Personal name | Mather, W. |
| Fuller form of name | (William) |
| Dates associated with a name | fl. 1695 |
| 245 04 - TITLE STATEMENT | |
| Title | The young man's companion |
| Remainder of title | or, arithmetick made easy. ... Written by W. Mather, in a plain and easy stile, that a young man may both readily and easily improve and qualify himself for business, without the help of a master |
| 250 ## - EDITION STATEMENT | |
| Edition statement | The eighteenth edition, with large additions and improvements |
| 260 ## - PUBLICATION, DISTRIBUTION, ETC. | |
| Place of publication, distribution, etc. | London |
| Name of publisher, distributor, etc. | printed for R. Ware; T. Longman; and W. Johnston |
| Date of publication, distribution, etc. | 1750 |
| 300 ## - PHYSICAL DESCRIPTION | |
| Extent | [12], 445, [3] p., plates, tables |
| Other physical details | ill., map |
| Dimensions | 12o |
| 583 ## - ACTION NOTE | |
| Action | Condition reviewed |
| Time/date of action | 20120620 |
| Status | condition level 1 |
| 651 #4 - SUBJECT ADDED ENTRY--GEOGRAPHIC NAME | |
| Geographic name | Great Britain |
| Chronological subdivision | 1707- |
| 690 ## - LOCAL SUBJECT ADDED ENTRY--TOPICAL TERM (OCLC, RLIN) | |
| Topical term or geographic name as entry element | Measurement |
| 9 (RLIN) | 6256 |
| 942 ## - ADDED ENTRY ELEMENTS (KOHA) | |
| Suppress in OPAC | 0 |
| Withdrawn status | Lost status | Source of classification or shelving scheme | Damaged status | Not for loan | Home library | Current library | Shelving location | Date acquired | Total Checkouts | Full call number | Barcode | Date last seen | Copy number | Price effective from | Koha item type |
|---|---|---|---|---|---|---|---|---|---|---|---|---|---|---|---|
| Dewey Decimal Classification | Historic collection | Historic collection | Historic collection | 19/03/2012 | OCTAVO 1750 MATHER | 30075855 | 06/08/2019 | 1 | 06/08/2019 | Book |